[Event "European Youth Chess Championship B14"]
[Site "Prague, Top Hotel Prague"]
[Date "2016.08.18"]
[Round "1.52"]
[White "Kalabukhov, Bogdan"]
[Black "Berera, Siddharth"]
[Result "1-0"]
[WhiteElo "2090"]
[BlackElo "1676"]
[PlyCount "55"]
[EventDate "2016.08.18"]

1. d4 d5 2. c4 c6 3. Nf3 Nf6 4. e3 Bf5 5. Qb3 Qb6 6. Nh4 Qxb3 7. axb3 Bc2 8. c5
Bxb3 9. Bd3 e5 10. Nd2 Bc4 11. Bxc4 dxc4 12. Nxc4 Nbd7 13. Nf5 Ne4 14. f3 g6
15. fxe4 gxf5 16. exf5 exd4 17. exd4 Bg7 18. Nd6+ Kf8 19. Be3 b6 20. O-O bxc5
21. dxc5 Bxb2 22. Rab1 Rb8 23. Rxb2 Rxb2 24. Bd4 Re2 25. Bxh8 f6 26. Rb1 Re7
27. Rb7 Nxc5 28. Rb8+ 1-0

[Event "European Youth Chess Championship B14"]
[Site "Prague, Top Hotel Prague"]
[Date "2016.08.18"]
[Round "1.53"]
[White "Loukopoulos, Panagiotis-Athana"]
[Black "Maache, Jawad"]
[Result "1-0"]
[WhiteElo "1663"]
[BlackElo "2090"]
[PlyCount "41"]
[EventDate "2016.08.18"]

1. e4 d5 2. exd5 Qxd5 3. Nc3 Qa5 4. Bc4 Nf6 5. d4 Bg4 6. Nge2 e6 7. O-O Bd6 8.
f3 Bf5 9. Nb5 Qb6 10. Nxd6+ Qxd6 11. Ng3 Bg6 12. f4 Nc6 13. f5 Bxf5 14. Nxf5
exf5 15. c3 Qd7 16. Qf3 g6 17. Bg5 Ne4 18. Rae1 Nd8 19. Bxd8 Rxd8 20. Rxe4+
fxe4 21. Qf6 1-0

[Event "European Youth Chess Championship B14"]
[Site "Prague, Top Hotel Prague"]
[Date "2016.08.18"]
[Round "1.54"]
[White "Pavlov, Danila"]
[Black "Petrovic, Lazar"]
[Result "1-0"]
[WhiteElo "2077"]
[BlackElo "1650"]
[PlyCount "57"]
[EventDate "2016.08.18"]

1. e4 e5 2. Nf3 d6 3. d4 exd4 4. Nxd4 Nf6 5. Nc3 Nc6 6. f3 Be7 7. Be3 O-O 8.
Qd2 Nxd4 9. Bxd4 Be6 10. Be2 c5 11. Bf2 d5 12. e5 Ne8 13. O-O d4 14. Ne4 b6 15.
f4 f6 16. c3 fxe5 17. fxe5 dxc3 18. Qxc3 Nc7 19. Rad1 Nd5 20. Qb3 Qc8 21. Rxd5
Bxd5 22. Qxd5+ Kh8 23. Nd6 Bxd6 24. exd6 Qd7 25. Bh4 Rxf1+ 26. Bxf1 Rf8 27. Be7
Rc8 28. Bc4 h6 29. Qe6 1-0

[Event "European Youth Chess Championship B14"]
[Site "Prague, Top Hotel Prague"]
[Date "2016.08.18"]
[Round "1.55"]
[White "Kramich, Aliaksei"]
[Black "Oboladze, Luka"]
[Result "1-0"]
[WhiteElo "1629"]
[BlackElo "2076"]
[PlyCount "59"]
[EventDate "2016.08.18"]

1. e4 c5 2. Nf3 d6 3. d4 cxd4 4. Nxd4 Nf6 5. Nc3 Nc6 6. Bc4 e6 7. Bb3 a6 8. Be3
Qc7 9. Qd2 b5 10. f3 Na5 11. O-O-O Nc4 12. Qe2 Nxe3 13. Qxe3 Bb7 14. g4 Rc8 15.
Rd2 Nd7 16. f4 b4 17. Nce2 Nc5 18. Ng3 a5 19. Bc4 Be7 20. Bb5+ Kf8 21. Rf1 Qb6
22. e5 a4 23. f5 dxe5 24. fxe6 Nxe6 25. Nxe6+ Qxe6 26. Bd7 Qxa2 27. Rdf2 Rc5
28. Rxf7+ Qxf7 29. Rxf7+ Kxf7 30. Qf2+ 1-0

[Event "European Youth Chess Championship B14"]
[Site "Prague, Top Hotel Prague"]
[Date "2016.08.18"]
[Round "1.56"]
[White "Lisnyak, Vladislav"]
[Black "Balashov, Egor"]
[Result "1-0"]
[WhiteElo "2075"]
[BlackElo "1624"]
[PlyCount "57"]
[EventDate "2016.08.18"]

1. e4 e6 2. d4 d5 3. Nc3 Nf6 4. Bg5 Bb4 5. e5 h6 6. Bd2 Bxc3 7. bxc3 Ne4 8. Qg4
g6 9. Bd3 Nxd2 10. Kxd2 c5 11. h4 Nc6 12. Nf3 Qa5 13. Qf4 cxd4 14. Nxd4 Nxd4
15. Qxd4 Bd7 16. h5 g5 17. a4 Rc8 18. Rhb1 b6 19. Bb5 a6 20. Bd3 Rc6 21. Qb4 f6
22. Bg6+ Kd8 23. Qxa5 bxa5 24. Rb8+ Bc8 25. exf6 Kc7 26. Rab1 Rd8 27. f7 d4 28.
R1b7+ Kd6 29. cxd4 1-0

[Event "European Youth Chess Championship B14"]
[Site "Prague, Top Hotel Prague"]
[Date "2016.08.18"]
[Round "1.57"]
[White "Manca, Luigi"]
[Black "Petkov, Matey"]
[Result "0-1"]
[WhiteElo "1608"]
[BlackElo "2072"]
[PlyCount "92"]
[EventDate "2016.08.18"]

1. e4 d6 2. Bc4 Nf6 3. d3 c6 4. Nc3 d5 5. exd5 cxd5 6. Bb5+ Nc6 7. Nf3 d4 8.
Bxc6+ bxc6 9. Ne2 c5 10. h3 Bb7 11. c3 Bxf3 12. Qa4+ Qd7 13. Qxd7+ Nxd7 14.
gxf3 Ne5 15. cxd4 Nxf3+ 16. Kf1 Nxd4 17. Nxd4 cxd4 18. Bf4 f6 19. Ke2 e5 20.
Bh2 Bd6 21. Rac1 Kd7 22. Rc4 Rhc8 23. Rhc1 Rxc4 24. Rxc4 Rc8 25. Rxc8 Kxc8 26.
f3 Kd7 27. Bg3 Kc6 28. Kf1 Kd5 29. b4 f5 30. a4 e4 31. fxe4+ fxe4 32. b5 e3 33.
Ke2 g6 34. a5 Kc5 35. Kf3 h5 36. Ke4 Kxb5 37. Kxd4 e2 38. Ke3 Bb4 39. Kxe2 Kxa5
40. Be1 Kb5 41. Bxb4 Kxb4 42. d4 a5 43. d5 Kc5 44. Kf3 Kxd5 45. Ke3 g5 46. Kd3
g4 0-1

[Event "European Youth Chess Championship B14"]
[Site "Prague, Top Hotel Prague"]
[Date "2016.08.18"]
[Round "1.58"]
[White "Dolansky, Lukas"]
[Black "Jamalov, Adam"]
[Result "1-0"]
[WhiteElo "2067"]
[BlackElo "1597"]
[PlyCount "53"]
[EventDate "2016.08.18"]

1. e4 g6 2. d4 c6 3. c3 d5 4. exd5 Qxd5 5. Bf4 Bg7 6. Nd2 h5 7. h3 Nf6 8. Ngf3
Bf5 9. Bc4 Qd8 10. Qb3 Nd5 11. Bxd5 Qxd5 12. Qxb7 Qe6+ 13. Be3 O-O 14. Qxa8 Qd7
15. Ne5 Qc7 16. Bf4 Bxe5 17. Bxe5 Qb6 18. Nc4 Qa6 19. Bxb8 Qxc4 20. Qxa7 Qb5
21. Bf4 Qxb2 22. O-O e6 23. Qc5 Rd8 24. Qxc6 Qc2 25. Be5 Be4 26. Qc7 Ra8 27.
Rab1 1-0

[Event "European Youth Chess Championship B14"]
[Site "Prague, Top Hotel Prague"]
[Date "2016.08.18"]
[Round "1.59"]
[White "Maziukas, Kasparas"]
[Black "Ongut, Tamas Gunes"]
[Result "1/2-1/2"]
[WhiteElo "1596"]
[BlackElo "2063"]
[PlyCount "88"]
[EventDate "2016.08.18"]

1. d4 Nf6 2. Nf3 e6 3. c4 c5 4. Nc3 b6 5. g3 cxd4 6. Qxd4 Bc5 7. Qf4 Bb7 8. Bg2
h6 9. h4 d6 10. a3 a5 11. O-O O-O 12. Rd1 Qe7 13. b3 Nbd7 14. Bb2 e5 15. Qd2 e4
16. Nd4 e3 17. fxe3 Bxg2 18. Kxg2 Bxd4 19. Qxd4 Nc5 20. Qxd6 Qxe3 21. b4 axb4
22. axb4 Rxa1 23. Bxa1 Nce4 24. Qf4 Ng4 25. Qxe4 Qf2+ 26. Kh3 Qh2+ 27. Kxg4 f5+
28. Qxf5 Rxf5 29. Kxf5 Qxg3 30. Ke6 Qg4+ 31. Kd5 Qxh4 32. Kc6 Qxc4+ 33. Kxb6
Qxb4+ 34. Nb5 Qe7 35. Kc6 Qxe2 36. Rd8+ Kh7 37. Rd7 Qe4+ 38. Kb6 Qe6+ 39. Rd6
Qe4 40. Rd7 Qe6+ 41. Kc7 Qc4+ 42. Kd6 Qg4 43. Be5 Qg6+ 44. Kc7 Qg5 1/2-1/2

[Event "European Youth Chess Championship B14"]
[Site "Prague, Top Hotel Prague"]
[Date "2016.08.18"]
[Round "1.60"]
[White "Georgakopoulos, Nikolaos K"]
[Black "Balin, Daniel"]
[Result "1-0"]
[WhiteElo "2059"]
[BlackElo "1567"]
[PlyCount "37"]
[EventDate "2016.08.18"]

1. e4 c5 2. Nf3 d6 3. d4 cxd4 4. Nxd4 Nf6 5. Nc3 a6 6. Bg5 e6 7. f4 Nbd7 8. Qf3
Qc7 9. O-O-O Be7 10. Bd3 Rb8 11. Rde1 b5 12. Nd5 exd5 13. exd5 Nxd5 14. Qxd5
Nf6 15. Bxf6 gxf6 16. Nc6 Be6 17. Qf3 Rb7 18. Nxe7 Qxe7 19. f5 1-0

[Event "European Youth Chess Championship B14"]
[Site "Prague, Top Hotel Prague"]
[Date "2016.08.18"]
[Round "1.61"]
[White "Novotny, Martin"]
[Black "Suvorov, Alexander"]
[Result "0-1"]
[WhiteElo "1557"]
[BlackElo "2059"]
[PlyCount "68"]
[EventDate "2016.08.18"]

1. d4 Nf6 2. c4 g6 3. Nc3 Bg7 4. e4 d6 5. Nf3 Nbd7 6. Be2 O-O 7. O-O e5 8. d5
Nc5 9. Qc2 a5 10. Be3 Ng4 11. Bxc5 dxc5 12. Rad1 Ra6 13. a3 f5 14. h3 Nh6 15.
Qd2 Nf7 16. Rb1 a4 17. b4 axb3 18. Rxb3 b6 19. Rd1 Qe7 20. Qc2 Nd6 21. Nd2 Bh6
22. Bd3 Bf4 23. Nb5 Rf7 24. Nxd6 Qxd6 25. g3 Bxd2 26. Qxd2 fxe4 27. Bxe4 Bxh3
28. Bg2 Bxg2 29. Kxg2 Qf6 30. Qe2 Ra8 31. Re3 Re8 32. Re1 Rfe7 33. f4 e4 34.
Rxe4 Rxe4 0-1

[Event "European Youth Chess Championship B14"]
[Site "Prague, Top Hotel Prague"]
[Date "2016.08.18"]
[Round "1.62"]
[White "Bango, Lukas"]
[Black "Djian, Lenny"]
[Result "1-0"]
[WhiteElo "2058"]
[BlackElo "1503"]
[PlyCount "67"]
[EventDate "2016.08.18"]

1. e4 e6 2. d4 d5 3. Nc3 h6 4. Nf3 Nf6 5. Bd3 b6 6. exd5 exd5 7. O-O Be7 8. Re1
O-O 9. Ne2 Nbd7 10. Ng3 Re8 11. Bf4 Bb7 12. c3 c5 13. Qc2 cxd4 14. Nxd4 a6 15.
Ngf5 Nc5 16. Nxe7+ Rxe7 17. Nf5 Rxe1+ 18. Rxe1 Nxd3 19. Qxd3 Ne4 20. f3 Nc5 21.
Qd4 Qf6 22. Nxh6+ Kf8 23. Qxf6 gxf6 24. Bd6+ Kg7 25. Nxf7 Kxf7 26. Re7+ Kg6 27.
Bxc5 bxc5 28. Rxb7 Re8 29. Kf2 Re6 30. Rd7 Re5 31. Rd6 Kf5 32. Rxa6 d4 33. g4+
Kf4 34. Rxf6+ 1-0

[Event "European Youth Chess Championship B14"]
[Site "Prague, Top Hotel Prague"]
[Date "2016.08.18"]
[Round "1.63"]
[White "Gatt, Matthias"]
[Black "Kopylov, Daniel"]
[Result "0-1"]
[WhiteElo "1475"]
[BlackElo "2050"]
[PlyCount "54"]
[EventDate "2016.08.18"]

1. d4 d5 2. Nc3 c5 3. Nf3 Nc6 4. e3 Nf6 5. b3 Bf5 6. Bd3 Bxd3 7. Qxd3 e6 8. a3
Rc8 9. Bd2 cxd4 10. Nxd4 Nxd4 11. Qxd4 a6 12. Rd1 Bd6 13. O-O Qc7 14. h3 O-O
15. Na2 Bc5 16. Qc3 Qe7 17. b4 Ba7 18. Qe5 Bb8 19. Qg5 Qd6 20. f4 h6 21. Qg3
Ne8 22. Rf3 f6 23. Qg6 Qe7 24. Rg3 Nd6 25. Qxh6 Nf5 26. Qg6 Nxg3 27. Qxg3 Rc4
0-1

[Event "European Youth Chess Championship B14"]
[Site "Prague, Top Hotel Prague"]
[Date "2016.08.18"]
[Round "1.64"]
[White "Vodila, Martin Botond"]
[Black "Cernicek, Matyas"]
[Result "1-0"]
[WhiteElo "2047"]
[BlackElo "1461"]
[PlyCount "46"]
[EventDate "2016.08.18"]

1. e4 e6 2. d4 d5 3. Nd2 Nf6 4. e5 Nfd7 5. Ne2 c5 6. c3 Nc6 7. f4 cxd4 8. cxd4
Qb6 9. Nf3 f6 10. Nc3 h6 11. g4 g6 12. exf6 Nxf6 13. Bd3 Rg8 14. g5 hxg5 15.
fxg5 Nh7 16. h4 e5 17. Nxe5 Bf5 18. Bb5 Qxb5 19. Nxb5 Rc8 20. O-O a6 21. Nxc6
axb5 22. Re1+ Kd7 23. Ne5+ Kd8 1-0

[Event "European Youth Chess Championship B14"]
[Site "Prague, Top Hotel Prague"]
[Date "2016.08.18"]
[Round "1.65"]
[White "Marko, Pirro"]
[Black "Fus, Jakub"]
[Result "0-1"]
[WhiteElo "1441"]
[BlackElo "2044"]
[PlyCount "74"]
[EventDate "2016.08.18"]

1. e4 c5 2. Nf3 e6 3. d4 cxd4 4. Nxd4 a6 5. Nc3 b5 6. Bd3 Bb7 7. Nce2 Qc7 8.
O-O Nf6 9. Ng3 h5 10. h4 Bd6 11. Qf3 Nc6 12. Nxc6 Bxc6 13. Bg5 Be5 14. c3 Ng4
15. Rfe1 f6 16. Bd2 Kf7 17. Nxh5 Nh2 18. Qe2 g6 19. Nxf6 Bxf6 20. e5 Rxh4 21.
exf6 Nf3+ 22. Qxf3 Bxf3 23. gxf3 Rah8 24. Kf1 Qd6 25. Ke2 R4h5 26. Rad1 Qe5+
27. Be3 Qxf6 28. f4 Rg8 29. Be4 d5 30. Bf3 Rh4 31. Rg1 Rc8 32. Rd4 Rc4 33. Rxc4
bxc4 34. Bg4 a5 35. a3 a4 36. Kf3 g5 37. Re1 e5 0-1

[Event "European Youth Chess Championship B14"]
[Site "Prague, Top Hotel Prague"]
[Date "2016.08.18"]
[Round "1.66"]
[White "Kamer, Kayra"]
[Black "Kriz, Tomas"]
[Result "1-0"]
[WhiteElo "2041"]
[BlackElo "1404"]
[PlyCount "65"]
[EventDate "2016.08.18"]

1. c4 c5 2. g3 Nf6 3. Bg2 Nc6 4. Nc3 e6 5. e4 Be7 6. Nge2 O-O 7. O-O d6 8. d4
cxd4 9. Nxd4 Bd7 10. b3 a6 11. Kh1 Qc7 12. Be3 Rfd8 13. f4 Nxd4 14. Qxd4 Bc6
15. Rad1 Rd7 16. f5 Ng4 17. fxe6 fxe6 18. Nd5 exd5 19. exd5 Nxe3 20. Qxe3 Kh8
21. dxc6 bxc6 22. Rf7 Bf6 23. Rxd7 Qxd7 24. Qf4 Be5 25. Qxe5 dxe5 26. Rxd7 Re8
27. Bxc6 a5 28. Rxg7 Rc8 29. Bb7 Kxg7 30. Bxc8 e4 31. Kg1 Kf6 32. Kf2 Ke5 33.
Ke3 1-0

[Event "European Youth Chess Championship B14"]
[Site "Prague, Top Hotel Prague"]
[Date "2016.08.18"]
[Round "1.67"]
[White "Winkin, Pol"]
[Black "Mis, Mieszko"]
[Result "0-1"]
[WhiteElo "1391"]
[BlackElo "2041"]
[PlyCount "120"]
[EventDate "2016.08.18"]

1. e4 c5 2. d4 cxd4 3. Nf3 Nc6 4. Nxd4 Nf6 5. Nxc6 bxc6 6. Bd3 e5 7. Bg5 Be7 8.
O-O O-O 9. Nc3 h6 10. Bh4 Rb8 11. Rb1 d6 12. h3 Be6 13. Re1 Re8 14. Qd2 Nh5 15.
Bxe7 Qxe7 16. b3 Nf4 17. Bf1 Qg5 18. Re3 Nxh3+ 19. Kh2 Qf4+ 20. g3 Qxf2+ 21.
Qxf2 Nxf2 22. Kg1 Ng4 23. Rd3 d5 24. exd5 cxd5 25. Nxd5 e4 26. Rdd1 Ne5 27. Nc7
Re7 28. Nxe6 Rxe6 29. Bg2 Nf3+ 30. Bxf3 exf3 31. Re1 Rbe8 32. Kf2 Re2+ 33. Kf1
Kf8 34. c4 Rxa2 35. Rxe8+ Kxe8 36. Re1+ Kd7 37. Re3 f2 38. Re2 Rxe2 39. Kxe2 a5
40. Kxf2 Kd6 41. Ke3 Ke5 42. Kd3 f5 43. Kc3 g5 44. b4 axb4+ 45. Kxb4 f4 46.
gxf4+ gxf4 47. Kc3 h5 48. Kd3 h4 49. Ke2 Kd4 50. Kf3 h3 51. Kf2 Kxc4 52. Kg1 f3
53. Kh2 f2 54. Kxh3 f1=Q+ 55. Kh2 Qf3 56. Kg1 Qe2 57. Kh1 Kd4 58. Kg1 Ke4 59.
Kh1 Kf3 60. Kg1 Qg2# 0-1

[Event "European Youth Chess Championship B14"]
[Site "Prague, Top Hotel Prague"]
[Date "2016.08.18"]
[Round "1.68"]
[White "Jazdanovs, Aleksandrs"]
[Black "Apergis, Iosif"]
[Result "1-0"]
[WhiteElo "2040"]
[BlackElo "1203"]
[PlyCount "69"]
[EventDate "2016.08.18"]

1. Nf3 d5 2. c4 d4 3. e3 c5 4. exd4 cxd4 5. d3 Nc6 6. g3 Nf6 7. Bg2 e5 8. Bg5
h6 9. Bxf6 Qxf6 10. O-O Bd6 11. a3 a5 12. Nbd2 a4 13. b4 axb3 14. Ne4 Qe7 15.
Qxb3 Bxa3 16. c5 Be6 17. Rxa3 Bxb3 18. Rxa8+ Nd8 19. Nd6+ Kf8 20. Nxb7 Ke8 21.
Nxe5 Qxe5 22. Rxd8+ Ke7 23. Rxh8 Bd5 24. Bxd5 Qxd5 25. Re1+ Kf6 26. Nd6 Kg6 27.
Rc1 Qb3 28. c6 Qa3 29. Rc4 Qxd3 30. c7 Qb1+ 31. Kg2 d3 32. c8=Q d2 33. Qg4+ Kf6
34. Ne4+ Ke5 35. Rc5+ 1-0

[Event "European Youth Chess Championship B14"]
[Site "Prague, Top Hotel Prague"]
[Date "2016.08.18"]
[Round "1.69"]
[White "Antonioudakis, Dimitrios"]
[Black "Stinka, Jakub"]
[Result "0-1"]
[WhiteElo "1187"]
[BlackElo "2034"]
[PlyCount "80"]
[EventDate "2016.08.18"]

1. e4 c5 2. Nf3 d6 3. d4 cxd4 4. Nxd4 Nf6 5. Nc3 Nc6 6. f3 e5 7. Nb3 Be6 8. Nd5
Be7 9. Bc4 O-O 10. Be3 Rc8 11. O-O Bxd5 12. Bxd5 a6 13. a3 b5 14. Qd2 Qc7 15.
Rac1 Nxd5 16. Qxd5 Bf6 17. Rfd1 Rfd8 18. Nd2 Ne7 19. Qb3 d5 20. exd5 Nxd5 21.
Ne4 Qc6 22. Nxf6+ Nxf6 23. Rxd8+ Rxd8 24. Re1 h6 25. Bf2 e4 26. f4 Rd2 27. Rc1
Ng4 28. Be1 Qc5+ 29. Kh1 Rf2 30. Bb4 Qf5 31. Qg3 Rxf4 32. Kg1 Nf6 33. h3 Qg5
34. Qxg5 hxg5 35. Bd2 Rf5 36. g4 Rd5 37. Be3 Nd7 38. Re1 Ne5 39. Re2 f6 40. Bc1
Rd1+ 0-1

[Event "European Youth Chess Championship B14"]
[Site "Prague, Top Hotel Prague"]
[Date "2016.08.19"]
[Round "2.1"]
[White "Esipenko, Andrey"]
[Black "Sahin, Doga Boran"]
[Result "1-0"]
[WhiteElo "2490"]
[BlackElo "2107"]
[PlyCount "107"]
[EventDate "2016.08.18"]

1. d4 d5 2. Nf3 Nf6 3. c4 c6 4. Nbd2 Bf5 5. Nh4 Be4 6. e3 e6 7. Be2 h6 8. Nxe4
Nxe4 9. Nf3 Bb4+ 10. Kf1 Bd6 11. g3 Nd7 12. Kg2 O-O 13. Nd2 Nxd2 14. Bxd2 Nf6
15. Qc2 Qe7 16. a3 Rac8 17. b4 dxc4 18. Qxc4 e5 19. dxe5 Bxe5 20. Rad1 Rfd8 21.
Bf3 Rc7 22. Bc1 Rcd7 23. Rxd7 Rxd7 24. Rd1 Qd8 25. Rxd7 Nxd7 26. Qd3 Qc7 27.
Bd1 c5 28. Bc2 cxb4 29. axb4 Qc6+ 30. e4 Qd6 31. Qc4 Qc7 32. Qa2 Qc3 33. Qb3
Nb6 34. Be3 Nc8 35. Qd5 Qxc2 36. Qxe5 Qc6 37. b5 Qd7 38. Bd4 f6 39. Qc5 Qe6 40.
f3 Qd7 41. e5 fxe5 42. Qxe5 Kh7 43. Bc5 Qd2+ 44. Kh3 Qd7+ 45. g4 Nb6 46. Bxb6
axb6 47. Qf5+ Qxf5 48. gxf5 Kg8 49. Kg4 Kf7 50. Kf4 Kf8 51. Ke5 Ke7 52. h3 h5
53. Kf4 Kd6 54. Kg5 1-0

[Event "European Youth Chess Championship B14"]
[Site "Prague, Top Hotel Prague"]
[Date "2016.08.19"]
[Round "2.2"]
[White "Nowak, Mikolaj"]
[Black "Sargsyan, Shant"]
[Result "0-1"]
[WhiteElo "2123"]
[BlackElo "2441"]
[PlyCount "80"]
[EventDate "2016.08.18"]

1. e4 e5 2. Nf3 Nc6 3. Bc4 Bc5 4. c3 Nf6 5. d3 d6 6. Nbd2 O-O 7. O-O a6 8. b4
Ba7 9. h3 Be6 10. Re1 h6 11. Bb3 Re8 12. Nc4 b5 13. Ne3 Qd7 14. Nh4 a5 15. bxa5
Nxa5 16. Bc2 Nc6 17. Qf3 Ne7 18. g4 Ng6 19. Nef5 Nh7 20. Qg3 b4 21. c4 Nxh4 22.
Qxh4 Bxf5 23. gxf5 Bd4 24. Bd2 Bxa1 25. Rxa1 c5 26. Kh2 Qe7 27. Qg3 Kh8 28. Rg1
Rg8 29. Bb3 Qf6 30. f4 g6 31. fxe5 dxe5 32. Qf2 gxf5 33. Qxf5 Qxf5 34. exf5 Ng5
35. Rg3 e4 36. dxe4 Nxe4 37. Rxg8+ Kxg8 38. Bxh6 Nc3 39. Be3 Nxa2 40. Bxc5 Nc1
0-1

[Event "European Youth Chess Championship B14"]
[Site "Prague, Top Hotel Prague"]
[Date "2016.08.19"]
[Round "2.3"]
[White "Kozak, Antoni"]
[Black "Matviishen, Viktor"]
[Result "0-1"]
[WhiteElo "2102"]
[BlackElo "2405"]
[PlyCount "96"]
[EventDate "2016.08.18"]

1. e4 c5 2. Nf3 e6 3. d4 cxd4 4. Nxd4 Nf6 5. Nc3 d6 6. g4 h6 7. g5 hxg5 8. Bxg5
Nc6 9. Qd2 a6 10. O-O-O Qc7 11. f4 Bd7 12. h4 O-O-O 13. Nf3 Kb8 14. e5 dxe5 15.
fxe5 Bc8 16. Bd3 Ng4 17. Bxd8 Nxd8 18. Rhe1 Nc6 19. Qf4 f5 20. Kb1 g6 21. Bc4
Bg7 22. Qg5 Bh6 23. Qxg6 Ncxe5 24. Nxe5 Nxe5 25. Rxe5 Qxe5 26. a4 Qg7 27. h5
Qxg6 28. hxg6 Bg7 29. Re1 Bd7 30. Ne2 Rh4 31. Bd3 Rg4 32. Rg1 Rxg1+ 33. Nxg1
Kc7 34. Ne2 Kd6 35. Ng3 Ke7 36. a5 Kf6 37. Nh5+ Kxg6 38. Nxg7 Kxg7 39. b4 e5
40. c4 e4 41. Bf1 Kf6 42. Kc2 Ke5 43. b5 Kd4 44. bxa6 bxa6 45. c5 Kxc5 46. Bxa6
Kb4 47. Kd2 Kxa5 48. Bb7 Kb6 0-1

[Event "European Youth Chess Championship B14"]
[Site "Prague, Top Hotel Prague"]
[Date "2016.08.19"]
[Round "2.4"]
[White "Lomasov, Semen"]
[Black "Golikov, Daniil"]
[Result "1-0"]
[WhiteElo "2383"]
[BlackElo "2098"]
[PlyCount "95"]
[EventDate "2016.08.18"]

1. e4 c5 2. Nf3 e6 3. d4 cxd4 4. Nxd4 a6 5. Bd3 Ne7 6. O-O Nbc6 7. Nxc6 Nxc6 8.
Nd2 Bc5 9. Qg4 O-O 10. Nf3 e5 11. Qg3 d6 12. Bc4 Kh8 13. Be3 Bxe3 14. fxe3 Be6
15. Bxe6 fxe6 16. Ng5 Qe7 17. Qg4 Rf6 18. Qh5 g6 19. Qh6 Raf8 20. Rxf6 Rxf6 21.
Rd1 d5 22. exd5 exd5 23. Rxd5 Kg8 24. Ne4 Rf7 25. Rd6 Qf8 26. Qxf8+ Kxf8 27. c3
Ke7 28. Rd2 Rg7 29. Kf2 Ke6 30. Nc5+ Kf5 31. e4+ Kg4 32. Ke3 Rf7 33. Rd7 Rxd7
34. Nxd7 Kg5 35. g3 h6 36. Kf3 h5 37. a4 a5 38. h4+ Kh6 39. Nc5 Nd8 40. b4 axb4
41. cxb4 g5 42. b5 gxh4 43. gxh4 Kg7 44. a5 Kf7 45. Nxb7 Ne6 46. Nd8+ Nxd8 47.
a6 Ne6 48. a7 1-0

[Event "European Youth Chess Championship B14"]
[Site "Prague, Top Hotel Prague"]
[Date "2016.08.19"]
[Round "2.5"]
[White "Levitskiy, Andrey"]
[Black "Engel, Luis"]
[Result "1/2-1/2"]
[WhiteElo "2101"]
[BlackElo "2383"]
[PlyCount "90"]
[EventDate "2016.08.18"]

1. d4 g6 2. e4 Bg7 3. Nc3 c6 4. f4 d5 5. e5 h5 6. Nf3 Nh6 7. Be3 Bg4 8. Be2 e6
9. O-O Nf5 10. Bf2 Nd7 11. h3 Bxf3 12. Bxf3 h4 13. Ne2 Bf8 14. b3 Nb6 15. Qd3
Be7 16. c4 O-O 17. Rfd1 Qc7 18. Nc3 Rfd8 19. Qe2 Rac8 20. Rac1 a6 21. c5 Nd7
22. b4 a5 23. a3 b5 24. Bg4 Kg7 25. Qe1 Rh8 26. Ra1 a4 27. Kh2 Rcg8 28. Ne2 Qd8
29. Bxf5 exf5 30. Ng1 Nf8 31. Nf3 Ne6 32. Be3 Rh5 33. Ra2 Kf8 34. Rf2 Ke8 35.
Qe2 Kd7 36. Rdf1 Qf8 37. Qd2 Qh6 38. Kh1 Qh7 39. Kh2 Qh8 40. Kh1 Rh7 41. Re2
Qg7 42. Ref2 Qf8 43. Re1 Ng7 44. Ng1 Nh5 45. Ne2 Ke6 1/2-1/2

[Event "European Youth Chess Championship B14"]
[Site "Prague, Top Hotel Prague"]
[Date "2016.08.19"]
[Round "2.6"]
[White "Morgunov, Daniel"]
[Black "Keinanen, Toivo"]
[Result "0-1"]
[WhiteElo "2098"]
[BlackElo "2337"]
[PlyCount "96"]
[EventDate "2016.08.18"]

1. e4 e6 2. d4 d5 3. Nd2 c5 4. exd5 Qxd5 5. Ngf3 cxd4 6. Bc4 Qd6 7. Qe2 Nf6 8.
Nb3 Nc6 9. Bg5 a6 10. O-O-O b5 11. Bd3 Be7 12. Kb1 Bb7 13. Nfxd4 Nxd4 14. Nxd4
Bd5 15. Nb3 O-O 16. f4 a5 17. Bxb5 a4 18. Nd2 a3 19. b3 h6 20. Bh4 Qxf4 21. Bg3
Qg4 22. Rhe1 Rfd8 23. Qxg4 Nxg4 24. Nf3 Bb4 25. Rg1 Bc5 26. Rge1 Ne3 27. Rd3
Nxg2 28. Red1 Ne3 29. R1d2 Rdc8 30. Bd7 Rf8 31. Bf2 Bxf3 32. Bxe3 Bb4 33. Rf2
Bh5 34. Rf4 Be7 35. Bc6 Rac8 36. Rc4 Be2 37. Bd2 Rfd8 38. Bb5 Bxd3 39. Rxc8
Bxb5 40. Rxd8+ Bxd8 41. c4 Bc6 42. Kc2 f5 43. b4 Bg5 44. Bc3 Bf6 45. Bd2 Ba4+
46. Kd3 Kf7 47. b5 Ke8 48. Bb4 Bb2 0-1

[Event "European Youth Chess Championship B14"]
[Site "Prague, Top Hotel Prague"]
[Date "2016.08.19"]
[Round "2.7"]
[White "Baenziger, Fabian"]
[Black "Michaelides, Konstantinos"]
[Result "1-0"]
[WhiteElo "2325"]
[BlackElo "2092"]
[PlyCount "47"]
[EventDate "2016.08.18"]

1. Nf3 Nf6 2. g3 d5 3. c4 e6 4. d4 Be7 5. Bg2 O-O 6. O-O dxc4 7. Qc2 a6 8. a4
Bd7 9. Qxc4 Bc6 10. Bf4 Bd6 11. Nc3 Bd5 12. Nxd5 exd5 13. Qb3 Nc6 14. Bg5 Na5
15. Qc3 b6 16. Ne5 Qe7 17. Bxf6 gxf6 18. Ng4 Qe6 19. Qf3 Be7 20. Nh6+ Kh8 21.
Qh5 c6 22. Bh3 f5 23. Bxf5 Qf6 24. Ng8 1-0

[Event "European Youth Chess Championship B14"]
[Site "Prague, Top Hotel Prague"]
[Date "2016.08.19"]
[Round "2.8"]
[White "Kalabukhov, Bogdan"]
[Black "Henderson, De La Fuente Lance"]
[Result "0-1"]
[WhiteElo "2090"]
[BlackElo "2306"]
[PlyCount "86"]
[EventDate "2016.08.18"]

1. d4 Nf6 2. c4 c5 3. d5 b5 4. cxb5 a6 5. bxa6 g6 6. Nc3 Bg7 7. e4 O-O 8. Nf3
Qa5 9. Bd2 d6 10. Be2 Bxa6 11. O-O Nbd7 12. Bxa6 Qxa6 13. Qc2 Ng4 14. a4 Rfc8
15. b3 Rab8 16. Rab1 Nb6 17. h3 Ne5 18. Nxe5 Bxe5 19. Be3 c4 20. Bxb6 Rxb6 21.
Nb5 cxb3 22. Qxb3 Ra8 23. Qe3 Rb7 24. Rb4 Rc8 25. Rc1 Rbb8 26. Rbc4 h5 27. g3
Rxc4 28. Rxc4 Qa5 29. Kg2 Bf6 30. Qa7 Rxb5 31. Rc8+ Kg7 32. Qd7 Rc5 33. Rb8 Qe1
34. Qe8 Qxe4+ 35. Kh2 Kh6 36. Qf8+ Bg7 37. Qxf7 Rc1 38. Qf4+ Qxf4 39. gxf4 Rc4
40. a5 Rxf4 41. Kg2 Ra4 42. Rb7 Rxa5 43. Rxe7 Rxd5 0-1

[Event "European Youth Chess Championship B14"]
[Site "Prague, Top Hotel Prague"]
[Date "2016.08.19"]
[Round "2.9"]
[White "Pavlov, Danila"]
[Black "Zarubitski, Viachaslau"]
[Result "0-1"]
[WhiteElo "2077"]
[BlackElo "2300"]
[PlyCount "152"]
[EventDate "2016.08.18"]

1. e4 c5 2. Nf3 e6 3. d4 cxd4 4. Nxd4 Nc6 5. Nc3 Qc7 6. g3 a6 7. Bg2 Nf6 8. O-O
h5 9. Nb3 d6 10. a4 Be7 11. h3 Bd7 12. Be3 Ne5 13. Nd2 Nc4 14. Nxc4 Qxc4 15.
Re1 Rc8 16. f4 e5 17. Qd2 O-O 18. Bf2 Qb4 19. Re3 Rc4 20. Rd1 Rfc8 21. Rd3 Bxa4
22. Qc1 Be8 23. Be1 Qb6+ 24. Kh2 Qc7 25. b3 Rc6 26. Qe3 b5 27. b4 Rc4 28. Qf3
Bc6 29. Qe2 Qb7 30. Re3 Rxb4 31. Nd5 Rc4 32. Nxf6+ Bxf6 33. Rxd6 Qc7 34. Rxf6
gxf6 35. Qxh5 Kf8 36. Qf5 Ke7 37. fxe5 fxe5 38. Qg5+ f6 39. Qg7+ Ke6 40. Qg4+
Kf7 41. Qh5+ Kg7 42. Qg4+ Kh8 43. Qh4+ Qh7 44. Qxf6+ Qg7 45. Qh4+ Kg8 46. c3
Rf8 47. Re2 a5 48. Bd2 Rf6 49. g4 a4 50. Qg3 Rf8 51. Bc1 b4 52. Rc2 Bb7 53. Qe1
b3 54. Rd2 Rxc3 55. Ba3 Qf7 56. Bxf8 Qf4+ 57. Kh1 b2 58. Rd8 Rxh3+ 59. Bxh3
Qxe4+ 60. Qxe4 b1=Q+ 61. Kh2 Qxe4 62. Bc5+ Kf7 63. Rf8+ Kg7 64. Rf2 Qh1+ 65.
Kg3 Qc1 66. Ba7 a3 67. Re2 Qb2 68. Rxb2 axb2 69. Bb8 Kf6 70. g5+ Kxg5 71. Bxe5
b1=Q 72. Bf4+ Kf6 73. Bg4 Qg1+ 74. Kh4 Qh1+ 75. Kg3 Qg2+ 76. Kh4 Bf3 0-1